[Περί ορισμού των μαθημάτων του δι'έκαστον τούτων προς διδασκαλίας αναγκαίου χρόνου, και περί της κατά τάξεις κατανομής της διδακτέας ύλης εις τα πλήρη δημοτικά σχολεία αρρένων και θηλέων]
Αποθηκεύτηκε σε:
| Μορφή: | Βιβλίο |
|---|---|
| Γλώσσα: | Greek |
| Δημοσίευση: |
[χ.τ] :
[χ.ό],
[19--?]
|
| Θέματα: | |
| Διαθέσιμο Online: | http://hdl.handle.net/11610/16662 |
| Ετικέτες: |
Προσθήκη ετικέτας
Δεν υπάρχουν, Καταχωρήστε ετικέτα πρώτοι!
|
MARC
| LEADER | 00000cam a2200000 i 4500 | ||
|---|---|---|---|
| 001 | 1/68220 | ||
| 008 | 150302q gre d | ||
| 035 | |l 10121311 | ||
| 040 | |a GR-MY-UA |b gre |e aacr | ||
| 041 | 0 | |a gre | |
| 082 | 0 | |a 375 |2 (23) | |
| 245 | 1 | 0 | |a [Περί ορισμού των μαθημάτων του δι'έκαστον τούτων προς διδασκαλίας αναγκαίου χρόνου, και περί της κατά τάξεις κατανομής της διδακτέας ύλης εις τα πλήρη δημοτικά σχολεία αρρένων και θηλέων] / |c Κωνσταντίνος Βασιλεύς των Ελλήνων |
| 260 | |a [χ.τ] : |b [χ.ό], |c [19--?] | ||
| 300 | |a 190 σ.; |c 22 εκ. | ||
| 500 | |a Το βιβλίο δεν έχει εξώφυλλο και σελίδα τίτλου. Στην πρώτη σελίδα του βιβλίου υπάρχει ιδιόχειρη σημείωση αντί τίτλου "Αναλ. Πρόγρ. διδ. μαθημ. Δημ. Σχολ.". | ||
| 500 | |a Έχοντας υπ' όψει τα άρθρα 2, 6 και 10 του από 3 Σεπτεμβρίου 1905, ΒΤΜΘ' νόμου περί στοιχειώδους, ή δημοτικής εκπαιδεύσεως και το άρθρον 8 του από 18 Ιουλίου 1911, ΓΩΚΗ' νόμου περί Κεντρικού Εποπτικού Συμβουλίου της Δημοτικής Εκπαιδεύσεως. Προτάσει του Ημετέρου επί των εκκλησιαστικών και της δημόσιας Εκπαιδεύσεως Υπουργου αποφασίζομεν και διατάσσομεν τάδε. | ||
| 500 | |a Υπάρχει ψηφιακό αντίγραφο. | ||
| 650 | 0 | 0 | |a Education |x Curricula |z Greece. |
| 852 | |a INST |b SAMOS |c PORFYRIADA |e 20150302 |h 375 ΠΕΡ |p 005300041871 |q 005300041871 |t NOLOAN |y 23 | ||
| 856 | |u http://hdl.handle.net/11610/16662 | ||
| 901 | |a BIBL3-2015-1 | ||
| 909 | |a Σ |b 191912 | ||
| 970 | |a ΣΙΤΖΙΜΗ |b ΓΙΑΣΕΜΗ |z 2015/03/02 | ||